000 01329nam0a22003251 4500
001 RU\INFOCOMM_322\NLR\5000081961
005 20250613102648.0
035 _a(NLR Aleph) 009449422
090 _a8396212
_c8396212
100 _a20121130d1989 |||y0rusy50 ca
101 0 _aeng
102 _aRU
105 _ay z |||||
200 1 _aInvestigation of the electromagnetic calorimeter based on liquid krypton
_fV. M. Aulchenko, S. G. Klimenko, G. M. Kolachev et al.
210 _aNovosibirsk
_cИн-т ядер. физики СО АН СССР
_d1989
215 _a18 с.
_cил.
_d21 см
225 1 _aPreprint
_fInst. of nuclear physics
_v89-124
300 _aВ вып. дан.: Изучение электромагнитного калориметра, основанного на жидком криптоне
300 _aНа обл. надзаг. на рус. яз.
320 _aБиблиогр.: с. 18
606 _aКалориметры электромагнитные
_91353828
_3RU\NLR\AUTH\66251114
620 _aНовосибирск
686 _aВ381.585
_2rubbk
700 1 _9z01790
_aAul'čenko
_bV. M.
_gVladimir Michajlovič
790 1 _9z01700
_aAulchenko
_bV. M.
_4070
801 1 _aRU
_bNLR
_c20121130
801 0 _aRU
_bINFOCOMM
_gPSBO
852 _aNLR
_jФз01 Д-4/5772
942 _cBOOK
980 _aNB